The higher infinite : large cardinals in set theory from their beginnings

Αποθηκεύτηκε σε:
Λεπτομέρειες βιβλιογραφικής εγγραφής
Κύριος συγγραφέας: Kanamori, Akihiro
Μορφή: Βιβλίο
Γλώσσα:English
Δημοσίευση: Berlin : Springer, c2009
Έκδοση:2η εκδ.
Σειρά:Springer monographs in mathematics
Θέματα:
Ετικέτες: Προσθήκη ετικέτας
Δεν υπάρχουν, Καταχωρήστε ετικέτα πρώτοι!

MARC

LEADER 00000nam a2200000 i 4500
001 1/57959
008 141013s2009 eng d
020 |a 978-3-540-88866-6 
035 |l 10119442 
040 |a GR-MY-UA  |b gre  |e aacr 
041 0 |a eng 
082 0 |a 511.322  |2 (23) 
100 1 |a Kanamori, Akihiro. 
245 1 4 |a The higher infinite :  |b large cardinals in set theory from their beginnings /  |c Akihiro Kanamori 
250 |a 2η εκδ. 
260 |a Berlin :   |b Springer,   |c c2009 
300 |a xxii, 536 σ.;  |b εικ.;  |c 24 εκ. 
490 1 |a Springer monographs in mathematics 
504 |a Βιβλιογραφία: σ.[483]-530. Ευρετήριο 
650 0 0 |a Large cardinals (Mathematics) 
830 0 |a Springer monographs in mathematics 
852 |a INST  |b SAMOS  |e 20141013  |h 511.322 KAN  |p 005300037072  |q 005300037072  |t BK  |y 0 
901 |a BIBL3-2014-3 
909 |a Σ  |b 189196 
922 |a 3ΕΛΗ  |b 2014-05  |c ΤΜΗΜΑ ΜΑΘΗΜΑΤΙΚΩΝ  |d ΔΙΑΔΡΟΜΕΣ 
970 |a ΚΟΣΙΕΡΗΣ  |b ΧΡΗΣΤΟΣ  |z 2014/10/13